000 00293nam a22001337a 4500
008 170302b xxu||||| |||| 00| 0 eng d
020 _a0871509008
041 _aeng
080 _22ND
_a575
100 _a6
101 _aSHM
245 _aPRINCIPLES OF GENETICS
_cTAMARIN, R.H
942 _2udc
_cBK
999 _c6586
_d6586